Statistics for Countries With the Most Plastic Waste Emitted to the Ocean

Click here to take the quiz!

General Stats

  • This quiz has been taken 14 times
  • The average score is 11 of 15

Answer Stats

kgAnswer% Correct
2,29Malaysia
85%
3,30Philippines
85%
0,96Belize
77%
0,74Dominica
77%
0,58Dominican Republic
77%
1,16Grenada
77%
0,62Haiti
77%
2,45Saint Lucia
77%
0,73Saint Vincent and the Grenadines
77%
2,55Trinidad and Tobago
77%
0,55East Timor
69%
1,23Panama
69%
0,79Jamaica
62%
1,59Guyana
54%
2,89Suriname
54%

Score Distribution

Percentile by Number Answered

Percent of People with Each Score

Your Score History

You have not taken this quiz